000 00820nam a22002411u 4500
001 06933
003 HDC
007 cr bn ---
008 210125p9999 fo d 00 engg
040 _aHDC
245 0 _aChallenges and Opportunities in Halal Industry / by
_cDr. Shahid Raza
260 _a[No Place] :
_b[publisher not identified],
_c[no year]
300 _a22 pages :
_billustrations
336 _atext
_2rdacontent
337 _acomputer
_2rdamedia
338 _aonline resource
_2rdacarrier
650 _aHalal industry
_9144
650 _aMuslim countries
_97370
856 _zRequest full-text at [email protected]
942 _2lcc
942 _cSLIDE
942 _kSLID 000193
999 _c4257
_d4257